000 00437nam a22001577a 4500
005 20180203112254.0
008 160426b xxu||||| |||| 00| 0 eng d
020 _a81-203-0978-2
041 _aeng
082 _b00193
_a004.165
100 _aGhosh, P.K. and Sridhar P. K.
_94057
245 _a0000 to 8085 Introduction to Microprocessors for Enggrs and Scientists
260 _aNew Delhi
_bPHI Pvt Ltd.
_c2004
300 _a318
942 _cBK
999 _c72
_d72